Теорія бухгалтерського обліку (Запис № 313180)

МАРК-запис
000 -LEADER
fixed length control field 00868nam a22002777a 4500
001 - CONTROL NUMBER
control field 26846
003 - CONTROL NUMBER IDENTIFIER
control field UA-OsUOA
005 - DATE AND TIME OF LATEST TRANSACTION
control field 20201224205217.0
007 - PHYSICAL DESCRIPTION FIXED FIELD--GENERAL INFORMATION
fixed length control field ta
008 - FIXED-LENGTH DATA ELEMENTS--GENERAL INFORMATION
fixed length control field 20040610b un ||||| |||| 00| 0 ukr d
020 ## - INTERNATIONAL STANDARD BOOK NUMBER
International Standard Book Number 966-95565-6-2
040 ## - CATALOGING SOURCE
Original cataloging agency UA-OsUOA
Language of cataloging ukr
Transcribing agency UA-OsUOA
Modifying agency UA-OsUOA
041 ## - LANGUAGE CODE
Language code of text/sound track or separate title ukr
044 ## - COUNTRY OF PUBLISHING/PRODUCING ENTITY CODE
MARC country code UA
080 ## - UNIVERSAL DECIMAL CLASSIFICATION NUMBER
Universal Decimal Classification number 657(075.8)
090 ## - LOCALLY ASSIGNED LC-TYPE CALL NUMBER (OCLC); LOCAL CALL NUMBER (OCLC)
Classification number (OCLC) (R) ; Classification number, CALL (RLIN) (NR) 657(075.8)
Local cutter number (OCLC) ; Book number/undivided call number, CALL (RLIN) К89
100 ## - MAIN ENTRY--PERSONAL NAME
Personal name Кузьмінський А. М.
245 ## - TITLE STATEMENT
Title Теорія бухгалтерського обліку
Remainder of title підручник
260 ## - PUBLICATION, DISTRIBUTION, ETC. (IMPRINT)
Place of publication, distribution, etc Київ
Name of publisher, distributor, etc Редакція газети "Все про бухгалтерський облік"
Date of publication, distribution, etc 1999
300 ## - PHYSICAL DESCRIPTION
Extent 288 с.
Other physical details Ілюстрації
650 #7 - SUBJECT ADDED ENTRY--TOPICAL TERM
Source of heading or term UDC
700 ## - ADDED ENTRY--PERSONAL NAME
Personal name Кузьмінський Ю.А.
942 ## - ADDED ENTRY ELEMENTS (KOHA)
Koha item type Книги
Source of classification or shelving scheme Universal Decimal Classification
955 ## - COPY-LEVEL INFORMATION (RLIN)
Classification number, CCAL (RLIN) інше
Фонди
Withdrawn status Lost status Source of classification or shelving scheme Damaged status Not for loan Home library Current library Date acquired Cost, normal purchase price Inventory number Total Checkouts Full call number Barcode Date last seen Price effective from Koha item type
    Universal Decimal Classification     ЧЗ - Читальна зала ЧЗ - Читальна зала 10/06/2004 4.00 69584   657(075.8) К89 69584 08/02/2022 10/06/2004 Книги
    Universal Decimal Classification     ЧЗ - Читальна зала ЧЗ - Читальна зала 10/06/2004 5.00 69585   657(075.8) К89 69585 08/02/2022 10/06/2004 Книги
    Universal Decimal Classification     ЧЗ - Читальна зала ЧЗ - Читальна зала 10/06/2004 5.00 69587   657(075.8) К89 69587 08/02/2022 10/06/2004 Книги
    Universal Decimal Classification     ЧЗ - Читальна зала ЧЗ - Читальна зала 10/06/2004 3.00 69588   657(075.8) К89 69588 08/02/2022 10/06/2004 Книги
    Universal Decimal Classification     ЧЗ - Читальна зала ЧЗ - Читальна зала 13/09/2005   69586   657(075,8) К89 69586 08/02/2022 13/09/2005 Книги